[Event "Levitov Chess Week Rapid"]
[Site "Amsterdam NED"]
[Date "2023.09.23"]
[Round "7.4"]
[White "So, Wesley"]
[Black "Grischuk, Alexander"]
[Result "1/2-1/2"]
[WhiteTitle "GM"]
[BlackTitle "GM"]
[WhiteElo "2753"]
[BlackElo "2732"]
[WhiteFideId "5202213"]
[BlackFideId "4126025"]
[EventDate "2023.09.22"]

1. b3 d5 2. Bb2 Nf6 3. Nf3 Bf5 4. Nh4 Bd7 5. g3 c5 6. Bg2 e6 7. c4 Nc6 8. cxd5
exd5 9. O-O Be7 10. Nf3 d4 11. e3 Bf5 12. exd4 cxd4 13. Re1 O-O 14. Ne5 Nxe5 15.
Rxe5 Bg4 16. Qf1 Nd7 17. Re1 Nc5 18. d3 Bf5 19. Rd1 Bg4 20. Re1 Bf5 21. Rd1 Bg4
22. Re1 1/2-1/2

[Event "Levitov Chess Week Rapid"]
[Site "Amsterdam NED"]
[Date "2023.09.23"]
[Round "7.5"]
[White "Nepomniachtchi, Ian"]
[Black "Dubov, Daniil"]
[Result "1-0"]
[WhiteTitle "GM"]
[BlackTitle "GM"]
[WhiteElo "2771"]
[BlackElo "2710"]
[WhiteFideId "4168119"]
[BlackFideId "24126055"]
[EventDate "2023.09.22"]

1. e4 e5 2. Nf3 Nc6 3. Bc4 Nf6 4. d3 Be7 5. O-O O-O 6. a4 d6 7. Nc3 Be6 8. Re1
Bxc4 9. dxc4 a5 10. h3 b6 11. Be3 Nb8 12. Nd2 Na6 13. Nd5 Nxd5 14. cxd5 Bg5 15.
Ra3 Kh8 16. Nf1 g6 17. Qe2 Bxe3 18. Rxe3 Nc5 19. b3 f5 20. exf5 Rxf5 21. Ng3 Rf4
22. Ne4 Nxe4 23. Rxe4 Qf6 24. Rxf4 Qxf4 25. Qe3 Qb4 26. Qe4 Qd2 27. f4 exf4 28.
Re2 Qd1+ 29. Re1 Qd2 30. Re2 Qd1+ 31. Kh2 Qa1 32. Qxf4 Qg7 33. Re6 Rf8 34. Qe3
h5 35. c3 Kh7 36. b4 Rf7 37. bxa5 bxa5 38. c4 Qh6 39. Qe4 Qg5 40. Re8 h4 41. Qd4
Qf4+ 42. Qxf4 Rxf4 43. Re7+ Kh6 44. Rxc7 Rd4 45. Rc6 Kg5 46. c5 Rxd5 47. cxd6
Kf5 48. Ra6 g5 49. Kg1 Ke6 50. Kf2 Rd2+ 51. Kf3 Rd3+ 52. Ke2 Rg3 53. Kf2 g4 54.
hxg4 Rxg4 55. Rxa5 Kxd6 56. Ra8 Kc7 57. a5 Kb7 58. Rh8 Ka6 59. Rh5 Rf4+ 60. Ke3
Rg4 61. Kf3 Rg3+ 62. Kf2 Rg4 63. Rf5 Rb4 64. Rg5 Rb2+ 65. Kg1 Rb4 66. Kh2 Rb3
67. Rh5 Rb4 68. Kh3 Rb2 69. Rxh4 Kxa5 70. Rc4 Rb8 71. g4 Rh8+ 72. Kg3 Rg8 73.
Kh4 Kb5 74. Rc1 Rh8+ 75. Kg5 Rg8+ 76. Kf5 Rf8+ 77. Ke6 Rg8 78. Rg1 Kc6 79. g5 1-0

[Event "Levitov Chess Week Rapid"]
[Site "Amsterdam NED"]
[Date "2023.09.23"]
[Round "8.1"]
[White "Nepomniachtchi, Ian"]
[Black "Kramnik, Vladimir"]
[Result "1-0"]
[WhiteTitle "GM"]
[BlackTitle "GM"]
[WhiteElo "2771"]
[BlackElo "2753"]
[WhiteFideId "4168119"]
[BlackFideId "4101588"]
[EventDate "2023.09.22"]

1. e4 c5 2. Nf3 e6 3. c3 Nf6 4. e5 Nd5 5. d4 cxd4 6. cxd4 d6 7. Bc4 Be7 8. O-O
O-O 9. Qe2 b6 10. Nc3 Nxc3 11. bxc3 Bb7 12. Re1 Nd7 13. Bf4 dxe5 14. Nxe5 Nxe5
15. Bxe5 Rc8 16. Rac1 Bd6 17. Bb3 Bxe5 18. Qxe5 Qc7 19. Qg5 Rfd8 20. h4 h6 21.
Qg4 b5 22. Re3 Bd5 23. Rg3 f5 24. Qg6 Qf7 25. Qxh6 Bxb3 26. axb3 a5 27. Qg5 Rd5
28. Qf4 Rcd8 29. Re1 b4 30. h5 bxc3 31. h6 Rxd4 32. Qe5 g6 1-0

[Event "Levitov Chess Week Rapid"]
[Site "Amsterdam NED"]
[Date "2023.09.23"]
[Round "8.3"]
[White "So, Wesley"]
[Black "Gelfand, Boris"]
[Result "1-0"]
[WhiteTitle "GM"]
[BlackTitle "GM"]
[WhiteElo "2753"]
[BlackElo "2655"]
[WhiteFideId "5202213"]
[BlackFideId "2805677"]
[EventDate "2023.09.22"]

1. b3 Nf6 2. Bb2 c5 3. Nf3 Nc6 4. c4 d5 5. cxd5 Nxd5 6. Nc3 e5 7. e3 Nxc3 8.
Bxc3 Bd6 9. Bb5 Qe7 10. Bxc6+ bxc6 11. d3 O-O 12. O-O Ba6 13. Qc2 Rad8 14. Rfd1
Rd7 15. Rac1 f6 16. Bb2 Rfd8 17. Ba3 Qe6 18. Bxc5 Bxc5 19. Qxc5 Bxd3 20. Qa5 Qd5
21. Qxd5+ Rxd5 22. Rxc6 Bb1 23. Rxd5 Rxd5 24. Rc8+ Kf7 25. Rc7+ Kf8 26. h4 Bxa2
27. b4 Rb5 28. Rxa7 Bf7 29. Ra4 Be8 30. h5 Bxh5 31. Nd2 Be8 32. Ne4 Rb8 33. Ra7
Rxb4 34. Nd6 Bg6 35. f3 Rb1+ 36. Kf2 Rb2+ 37. Kg3 Rd2 38. Ra8+ Ke7 39. Nc8+ Kd7
40. Nb6+ Ke6 41. e4 f5 42. Nc4 Rd4 43. Ra6+ Ke7 44. Nxe5 fxe4 45. Nc6+ 1-0

[Event "Levitov Chess Week Rapid"]
[Site "Amsterdam NED"]
[Date "2023.09.23"]
[Round "8.4"]
[White "Svidler, Peter"]
[Black "Mamedyarov, Shakhriyar"]
[Result "1/2-1/2"]
[WhiteTitle "GM"]
[BlackTitle "GM"]
[WhiteElo "2689"]
[BlackElo "2734"]
[WhiteFideId "4102142"]
[BlackFideId "13401319"]
[EventDate "2023.09.22"]

1. Nf3 Nf6 2. c4 e6 3. g3 d5 4. Bg2 Be7 5. O-O O-O 6. b3 b6 7. Bb2 Bb7 8. cxd5
Nxd5 9. d4 c5 10. dxc5 Bxc5 11. Nbd2 Nd7 12. Nc4 b5 13. Nce5 Rc8 14. Rc1 N7f6
15. Qd3 Qa5 16. Ng5 Qxa2 17. Bxd5 Qxb2 18. Bxb7 Bxf2+ 19. Kg2 Rxc1 20. Nd7 g6
21. Rxc1 Qxc1 22. Nxf6+ Kg7 23. Nfxh7 Qg1+ 24. Kh3 Rh8 25. Qd7 Qf1+ 26. Bg2
Rxh7+ 27. Kg4 Qxe2+ 28. Bf3 Kh6 29. Nxf7+ Rxf7 30. Qxf7 Qe5 31. Qf8+ Kh7 32.
Qf7+ 1/2-1/2

[Event "Levitov Chess Week Rapid"]
[Site "Amsterdam NED"]
[Date "2023.09.23"]
[Round "8.5"]
[White "Dubov, Daniil"]
[Black "Grischuk, Alexander"]
[Result "1-0"]
[WhiteTitle "GM"]
[BlackTitle "GM"]
[WhiteElo "2710"]
[BlackElo "2732"]
[WhiteFideId "24126055"]
[BlackFideId "4126025"]
[EventDate "2023.09.22"]

1. d4 Nf6 2. Nf3 d5 3. c4 e6 4. g3 Be7 5. Bg2 O-O 6. O-O dxc4 7. Qc2 a6 8. a4
Bd7 9. Rd1 Bc6 10. Bg5 b5 11. Nc3 Nd5 12. h4 h6 13. Bxe7 Qxe7 14. axb5 Nxc3 15.
bxc6 Nxd1 16. Ne5 Nxf2 17. Kxf2 a5 18. Qxc4 Na6 19. Rxa5 Nb4 20. Rb5 Nd5 21.
Bxd5 exd5 22. Rxd5 Qe6 23. Rd7 Qf5+ 24. Nf3 Rac8 25. d5 Rfd8 26. e4 Qh3 27.
Rxd8+ Rxd8 28. e5 Rb8 29. b4 Qf5 30. d6 Qb1 31. dxc7 Rc8 32. e6 Rxc7 33. b5 Qb2+ 1-0

[Event "Levitov Chess Week Rapid"]
[Site "Amsterdam NED"]
[Date "2023.09.23"]
[Round "9.1"]
[White "Mamedyarov, Shakhriyar"]
[Black "Dubov, Daniil"]
[Result "1/2-1/2"]
[WhiteTitle "GM"]
[BlackTitle "GM"]
[WhiteElo "2734"]
[BlackElo "2710"]
[WhiteFideId "13401319"]
[BlackFideId "24126055"]
[EventDate "2023.09.22"]

1. Nf3 d5 2. g3 g6 3. Bg2 Bg7 4. d4 Nf6 5. O-O O-O 6. c4 c6 7. a4 a5 8. cxd5
cxd5 9. Qb3 Nc6 10. Na3 Ne4 11. Rd1 Bf5 12. Bf4 Nb4 13. Nd2 Rc8 14. Nxe4 dxe4
15. d5 e3 16. Bxe3 Nc2 17. Nxc2 Bxc2 18. Qxb7 Bxd1 19. Rxd1 Qd6 20. Bf3 Rb8 21.
Qa7 Ra8 22. Qb7 Rab8 23. Qa7 Ra8 24. Qb7 1/2-1/2

[Event "Levitov Chess Week Rapid"]
[Site "Amsterdam NED"]
[Date "2023.09.23"]
[Round "9.2"]
[White "Grischuk, Alexander"]
[Black "Nepomniachtchi, Ian"]
[Result "0-1"]
[WhiteTitle "GM"]
[BlackTitle "GM"]
[WhiteElo "2732"]
[BlackElo "2771"]
[WhiteFideId "4126025"]
[BlackFideId "4168119"]
[EventDate "2023.09.22"]

1. d4 Nf6 2. c4 e6 3. Nc3 Bb4 4. e3 c5 5. Ne2 d5 6. a3 Ba5 7. dxc5 dxc4 8. Bd2
O-O 9. Ng3 b6 10. Bxc4 bxc5 11. O-O Nbd7 12. Qc2 Bb7 13. Rfd1 Qe7 14. Be2 Bc7
15. Nb5 Bb8 16. Ba5 Ne5 17. Rac1 Rc8 18. Qd2 Bd5 19. Nc3 Bb3 20. Bd8 Qf8 21.
Bxf6 gxf6 22. Rf1 Rd8 23. Qe1 f5 24. f4 Nd3 25. Bxd3 Rxd3 26. e4 Qh6 27. Qf2 Bc7
28. exf5 Rad8 29. Nce4 c4 30. Qxa7 Bxf4 31. Nf6+ Kh8 32. Ng4 Qg5 33. Qxf7 Bxc1
34. fxe6 c3 35. Nf5 Rd1 36. h4 Rxf1+ 0-1

[Event "Levitov Chess Week Rapid"]
[Site "Amsterdam NED"]
[Date "2023.09.23"]
[Round "9.3"]
[White "Kramnik, Vladimir"]
[Black "So, Wesley"]
[Result "1/2-1/2"]
[WhiteTitle "GM"]
[BlackTitle "GM"]
[WhiteElo "2753"]
[BlackElo "2753"]
[WhiteFideId "4101588"]
[BlackFideId "5202213"]
[EventDate "2023.09.22"]

1. e4 c5 2. Nf3 d6 3. d4 cxd4 4. Nxd4 Nf6 5. Nc3 a6 6. a4 g6 7. Be2 Bg7 8. O-O
Nc6 9. Be3 O-O 10. Qd2 Ng4 11. Bxg4 Bxg4 12. f3 Nxd4 13. Bxd4 Bxd4+ 14. Qxd4 Be6
15. Nd5 Bxd5 16. exd5 b5 17. Rfe1 Re8 18. c3 Rc8 19. axb5 axb5 20. Ra6 Rc4 21.
Qb6 Qxb6+ 22. Rxb6 b4 23. Rxb4 Rxb4 24. cxb4 Kf8 25. Rc1 Rb8 26. Rc4 Rb5 27. Rd4
Rb8 28. b3 Ra8 29. b5 Ke8 30. Kf2 Kd7 31. b6 Ra2+ 32. Ke3 Kc8 33. Re4 e5 34.
dxe6 fxe6 35. Rxe6 Rxg2 36. h4 Rh2 37. Re4 Kb7 38. Re7+ Kxb6 39. Rxh7 Kc5 40.
Rh6 d5 41. Rxg6 Rxh4 42. Rg4 Rh1 43. b4+ Kd6 44. Rg6+ Ke5 45. f4+ Kf5 46. Rd6
Re1+ 47. Kd2 Rb1 48. Rxd5+ Ke4 49. Rb5 Kd4 50. f5 Rb2+ 51. Kc1 Rf2 52. Rc5 Kd3
53. b5 Kd4 54. Rc2 Rxf5 55. b6 Rb5 56. Rb2 Rc5+ 57. Kb1 Rc8 58. Ka2 Ra8+ 59. Kb3
Kc5 60. b7 Rb8 61. Ka4 Kc6 62. Ka5 Rxb7 63. Rxb7 Kxb7 1/2-1/2

[Event "Levitov Chess Week Rapid"]
[Site "Amsterdam NED"]
[Date "2023.09.23"]
[Round "9.4"]
[White "Gelfand, Boris"]
[Black "Anand, Viswanathan"]
[Result "1/2-1/2"]
[WhiteTitle "GM"]
[BlackTitle "GM"]
[WhiteElo "2655"]
[BlackElo "2754"]
[WhiteFideId "2805677"]
[BlackFideId "5000017"]
[EventDate "2023.09.22"]

1. d4 Nf6 2. c4 e6 3. Nf3 d5 4. g3 Be7 5. Bg2 O-O 6. O-O dxc4 7. Qc2 b6 8. Bg5
Nd5 9. Bxe7 Qxe7 10. Nbd2 Bb7 11. Nxc4 Nd7 12. Nfe5 Nxe5 13. Nxe5 Rac8 14. Rac1 1/2-1/2

[Event "Levitov Chess Week Rapid"]
[Site "Amsterdam NED"]
[Date "2023.09.23"]
[Round "9.5"]
[White "Aronian, Levon"]
[Black "Svidler, Peter"]
[Result "0-1"]
[WhiteTitle "GM"]
[BlackTitle "GM"]
[WhiteElo "2742"]
[BlackElo "2689"]
[WhiteFideId "13300474"]
[BlackFideId "4102142"]
[EventDate "2023.09.22"]

1. e4 c5 2. Nf3 d6 3. d4 cxd4 4. Nxd4 Nf6 5. Nc3 a6 6. Bd3 e5 7. Nde2 Be7 8. O-O
O-O 9. Ng3 Bg4 10. Be2 Be6 11. Nd5 Nxd5 12. exd5 Bc8 13. f4 Nd7 14. Nf5 Bf6 15.
c3 exf4 16. Bxf4 Ne5 17. Nd4 Re8 18. Kh1 Bg5 19. Qd2 Bxf4 20. Qxf4 Bd7 21. Rad1
Qb6 22. Rd2 Re7 23. h3 Rae8 24. Bd3 Qc5 25. Nb3 Qc7 26. Nd4 Qa5 27. Bb1 Nc4 28.
Re2 Ne5 29. Nf3 Bb5 30. Bxh7+ Kxh7 31. Ng5+ Kg8 32. Rxe5 Bxf1 33. Qf5 g6 34. Qf4
dxe5 35. Qh4 Bxg2+ 36. Kh2 f6 0-1

[Event "Levitov Chess Week Rapid"]
[Site "Amsterdam NED"]
[Date "2023.09.25"]
[Round "10.2"]
[White "Mamedyarov, Shakhriyar"]
[Black "Grischuk, Alexander"]
[Result "1/2-1/2"]
[WhiteTitle "GM"]
[BlackTitle "GM"]
[WhiteElo "2734"]
[BlackElo "2732"]
[WhiteFideId "13401319"]
[BlackFideId "4126025"]
[EventDate "2023.09.22"]

1. d4 Nf6 2. c4 e6 3. Nc3 Bb4 4. Qc2 O-O 5. Nf3 d5 6. Bg5 c5 7. e3 cxd4 8. Nxd4
Nc6 9. Nxc6 bxc6 10. Be2 h6 11. Bh4 Bxc3+ 12. bxc3 Ba6 13. Rd1 Qe7 14. Qa4 Bxc4
15. Bxc4 dxc4 16. Qxc4 c5 17. e4 Rfd8 18. Rxd8+ Qxd8 19. O-O Qd2 20. Bxf6 gxf6
21. h3 Rb8 22. a4 Qd6 23. Qe2 Qf4 24. Rd1 Kg7 25. g3 Qe5 26. Qg4+ Qg5 27. Qf3 h5
28. h4 Qg4 29. Qxg4+ hxg4 30. Rd7 Rb3 31. Rxa7 Rxc3 32. a5 Rc1+ 33. Kg2 Ra1 34.
a6 c4 1/2-1/2

[Event "Levitov Chess Week Rapid"]
[Site "Amsterdam NED"]
[Date "2023.09.25"]
[Round "10.3"]
[White "Nepomniachtchi, Ian"]
[Black "Gelfand, Boris"]
[Result "1-0"]
[WhiteTitle "GM"]
[BlackTitle "GM"]
[WhiteElo "2771"]
[BlackElo "2655"]
[WhiteFideId "4168119"]
[BlackFideId "2805677"]
[EventDate "2023.09.22"]

1. e4 c5 2. Nf3 e6 3. d4 cxd4 4. Nxd4 Nf6 5. Nd2 d6 6. Bd3 g6 7. Nc4 d5 8. exd5
Nxd5 9. O-O Bg7 10. c3 O-O 11. Be4 Nc6 12. Nxc6 bxc6 13. Qa4 Qc7 14. Qa5 Qb7 15.
Rd1 Qa6 16. Qxa6 Bxa6 17. Na5 f5 18. Bf3 Nxc3 19. bxc3 Bxc3 20. Bh6 Bxa5 21.
Bxf8 Rxf8 22. Rac1 Bb6 23. Rxc6 Re8 24. a4 Bb7 25. Rc4 Bxf3 26. gxf3 Kg7 27.
Rd7+ Kf6 28. Rxh7 Rd8 29. a5 Bxa5 30. Rxa7 Bd2 31. f4 Rb8 32. Raa4 Rb7 33. Kf1
Rb3 34. Rd4 Bc1 35. Rac4 Bb2 36. Rd7 Rc3 37. Ra4 Bc1 38. Rd6 Rf3 39. Raa6 Bxf4
40. Rxe6+ Kf7 41. Rf6+ Ke7 42. Rxg6 1-0

[Event "Levitov Chess Week Rapid"]
[Site "Amsterdam NED"]
[Date "2023.09.25"]
[Round "10.4"]
[White "So, Wesley"]
[Black "Aronian, Levon"]
[Result "1-0"]
[WhiteTitle "GM"]
[BlackTitle "GM"]
[WhiteElo "2753"]
[BlackElo "2742"]
[WhiteFideId "5202213"]
[BlackFideId "13300474"]
[EventDate "2023.09.22"]

1. e4 c5 2. Nf3 d6 3. d4 cxd4 4. Qxd4 Nc6 5. Qd3 g6 6. Be2 Bg7 7. O-O Nf6 8. Nc3
O-O 9. Nd5 Bg4 10. c3 Bxf3 11. Qxf3 Ne5 12. Nxf6+ Bxf6 13. Qg3 Qb6 14. h4 Qc6
15. f4 Nc4 16. Bd3 b5 17. Kh2 a5 18. Rb1 a4 19. h5 a3 20. b3 Nb2 21. Bxb2 axb2
22. Rxb2 Qxc3 23. Re2 Qc5 24. Qg4 b4 25. hxg6 hxg6 26. g3 Kg7 27. Kg2 Rh8 28. e5
dxe5 29. fxe5 Bxe5 30. Rxf7+ Kxf7 31. Qxg6+ Kf8 32. Bc4 e6 33. Qxe6 Ra7 34. Qf5+
Kg7 35. Qg5+ Kf8 36. Rxe5 Rxa2+ 37. Kf3 Qc6+ 38. Kg4 Qd7+ 39. Rf5+ Ke8 40. Bb5 1-0

[Event "Levitov Chess Week Rapid"]
[Site "Amsterdam NED"]
[Date "2023.09.25"]
[Round "10.5"]
[White "Anand, Viswanathan"]
[Black "Svidler, Peter"]
[Result "0-1"]
[WhiteTitle "GM"]
[BlackTitle "GM"]
[WhiteElo "2754"]
[BlackElo "2689"]
[WhiteFideId "5000017"]
[BlackFideId "4102142"]
[EventDate "2023.09.22"]

1. e4 e5 2. Nf3 Nc6 3. Bb5 a6 4. Ba4 Nf6 5. O-O Be7 6. d3 b5 7. Bb3 d6 8. a3 Na5
9. Ba2 c5 10. Bg5 O-O 11. Nc3 Be6 12. Bxf6 Bxf6 13. Nd5 Nc6 14. c3 a5 15. a4 b4
16. Bc4 Rb8 17. Qd2 h6 18. h3 Bg5 19. Qe2 g6 20. Kh1 Bf6 21. Ne1 Bg7 22. Nc2 Kh7
23. Nce3 Rb7 24. Bb5 Ne7 25. Nxe7 Qxe7 26. cxb4 cxb4 27. Rac1 f5 28. Bc6 Ra7 29.
f3 h5 30. exf5 gxf5 31. f4 Qh4 32. Nc4 Bh6 33. fxe5 Bxc1 34. Rxc1 d5 35. Nd2 Rc7
36. Qe3 f4 37. Qc5 Rg8 38. Qd6 Bxh3 39. Qxc7+ Rg7 40. Qxg7+ Kxg7 41. Kg1 Bxg2 0-1

[Event "Levitov Chess Week Rapid"]
[Site "Amsterdam NED"]
[Date "2023.09.25"]
[Round "11.1"]
[White "Kramnik, Vladimir"]
[Black "Grischuk, Alexander"]
[Result "1/2-1/2"]
[WhiteTitle "GM"]
[BlackTitle "GM"]
[WhiteElo "2753"]
[BlackElo "2732"]
[WhiteFideId "4101588"]
[BlackFideId "4126025"]
[EventDate "2023.09.22"]

1. e4 e5 2. Nf3 Nc6 3. Bc4 Bc5 4. d3 Nf6 5. Nc3 h6 6. O-O d6 7. Na4 Bb6 8. c3
Bg4 9. b4 Qd7 10. Nxb6 axb6 11. a4 O-O 12. Bb5 Qc8 13. Re1 Ne7 14. h3 Bd7 15.
Bxd7 Qxd7 16. d4 Ng6 17. dxe5 Nxe5 18. Nxe5 dxe5 19. Qxd7 Nxd7 20. Be3 Rfd8 21.
c4 Nf8 22. c5 bxc5 23. bxc5 c6 24. Reb1 Rd7 25. a5 Ne6 26. Rb6 Rc7 27. g3 g5 28.
Kf1 f6 29. Ke2 Kf7 30. Kd3 h5 31. Kc4 Ke7 32. h4 g4 33. a6 Rxa6 34. Raxa6 bxa6
35. Rxa6 Kd7 36. Ra2 Rb7 37. Ra8 Nd8 38. Bd2 Rb2 39. Kc3 Rb5 40. Be3 Rb1 41. Kc2
Rb5 42. Kd3 Rb3+ 43. Kc4 Rb1 44. Kc3 Rb5 1/2-1/2

[Event "Levitov Chess Week Rapid"]
[Site "Amsterdam NED"]
[Date "2023.09.25"]
[Round "11.2"]
[White "Svidler, Peter"]
[Black "So, Wesley"]
[Result "1-0"]
[WhiteTitle "GM"]
[BlackTitle "GM"]
[WhiteElo "2689"]
[BlackElo "2753"]
[WhiteFideId "4102142"]
[BlackFideId "5202213"]
[EventDate "2023.09.22"]

1. Nf3 c5 2. e4 d6 3. d4 cxd4 4. Nxd4 Nf6 5. Nc3 a6 6. a3 e5 7. Nf5 d5 8. Bg5 d4
9. Bxf6 gxf6 10. Nb1 Bxf5 11. exf5 Qd5 12. Qd3 Nd7 13. Nd2 Qa5 14. O-O-O Bh6 15.
Kb1 Nc5 16. Qe2 Bxd2 17. Rxd2 Rd8 18. h4 Rd6 19. Rh3 Ne4 20. Rd1 Nc5 21. f4 Nd7
22. c3 Qb6 23. cxd4 Rxd4 24. Rhd3 Rxd3 25. Qxd3 Nc5 26. Qc3 O-O 27. fxe5 fxe5
28. Qg3+ Kh8 29. Qxe5+ Kg8 30. Rd6 Qa5 31. Bc4 Rc8 32. f6 Kh8 33. Bxf7 Qb5 34.
Bc4 Qxc4 35. f7# 1-0

[Event "Levitov Chess Week Rapid"]
[Site "Amsterdam NED"]
[Date "2023.09.25"]
[Round "11.3"]
[White "Aronian, Levon"]
[Black "Nepomniachtchi, Ian"]
[Result "1/2-1/2"]
[WhiteTitle "GM"]
[BlackTitle "GM"]
[WhiteElo "2742"]
[BlackElo "2771"]
[WhiteFideId "13300474"]
[BlackFideId "4168119"]
[EventDate "2023.09.22"]

1. e4 c5 2. Nf3 d6 3. Bb5+ Bd7 4. Bxd7+ Qxd7 5. c4 Nf6 6. Nc3 Nc6 7. d4 cxd4 8.
Nxd4 g6 9. f3 Bg7 10. Be3 O-O 11. O-O a6 12. Qd3 Ne5 13. Qe2 b5 14. cxb5 d5 15.
Rad1 dxe4 16. fxe4 Qb7 17. bxa6 Rxa6 18. Nb3 Raa8 19. Bd4 Nc6 20. Bf2 Ne5 21.
Bd4 Nc6 22. Bf2 Ne5 1/2-1/2

[Event "Levitov Chess Week Rapid"]
[Site "Amsterdam NED"]
[Date "2023.09.25"]
[Round "12.2"]
[White "Grischuk, Alexander"]
[Black "Gelfand, Boris"]
[Result "1-0"]
[WhiteTitle "GM"]
[BlackTitle "GM"]
[WhiteElo "2732"]
[BlackElo "2655"]
[WhiteFideId "4126025"]
[BlackFideId "2805677"]
[EventDate "2023.09.22"]

1. e4 c5 2. Nf3 e6 3. d4 cxd4 4. Nxd4 Nf6 5. Bd3 Nc6 6. Nxc6 dxc6 7. O-O e5 8.
Nd2 Bc5 9. Nb3 Bb6 10. a4 a5 11. Nd2 Be6 12. Qe2 O-O 13. Nc4 Bc7 14. b3 b5 15.
Nd2 Bg4 16. Nf3 bxa4 17. Rxa4 Nd7 18. Be3 Bb6 19. h3 Bxe3 20. Qxe3 Bxf3 21. Qxf3
Nc5 22. Rc4 Ne6 23. Qe3 Nd4 24. Ra1 Qc7 25. Rca4 c5 26. R1a2 Rfb8 27. Bc4 Rb4
28. c3 Rxa4 29. bxa4 Ne6 30. Rb2 Qd6 31. Bd5 Rb8 32. Rxb8+ Qxb8 33. Bxe6 fxe6
34. Qxc5 Qb1+ 35. Kh2 Qxe4 36. c4 Qf4+ 37. g3 Qf3 38. h4 h5 39. Qb6 Kh7 40. Kg1
Qd1+ 41. Kg2 Qxa4 42. Qxe6 Qd1 43. Qxe5 a4 44. Qe4+ Kg8 45. c5 a3 46. Qa8+ Kh7
47. Qxa3 1-0

[Event "Levitov Chess Week Rapid"]
[Site "Amsterdam NED"]
[Date "2023.09.25"]
[Round "12.3"]
[White "Mamedyarov, Shakhriyar"]
[Black "Kramnik, Vladimir"]
[Result "1-0"]
[WhiteTitle "GM"]
[BlackTitle "GM"]
[WhiteElo "2734"]
[BlackElo "2753"]
[WhiteFideId "13401319"]
[BlackFideId "4101588"]
[EventDate "2023.09.22"]

1. c4 c5 2. Nf3 Nf6 3. Nc3 e6 4. d4 cxd4 5. Nxd4 d5 6. e3 Bc5 7. cxd5 exd5 8.
Bb5+ Bd7 9. Bxd7+ Qxd7 10. O-O O-O 11. b3 Bxd4 12. Qxd4 Nc6 13. Qh4 d4 14. Rd1
d3 15. Bb2 Rfe8 16. Ne2 Ne4 17. Ng3 f5 18. Nh5 Ne5 19. f3 Ng6 20. Qe1 f4 21.
fxe4 Rxe4 22. Bxg7 Qf5 23. Nf6+ Kxg7 24. Nxe4 Qxe4 25. Qc3+ Kh6 26. Qxd3 Qxe3+
27. Qxe3 fxe3 28. Rd3 Re8 29. Re1 e2 30. Rd2 Nf4 31. g3 1-0

[Event "Levitov Chess Week Rapid"]
[Site "Amsterdam NED"]
[Date "2023.09.25"]
[Round "12.4"]
[White "Nepomniachtchi, Ian"]
[Black "Svidler, Peter"]
[Result "1/2-1/2"]
[WhiteTitle "GM"]
[BlackTitle "GM"]
[WhiteElo "2771"]
[BlackElo "2689"]
[WhiteFideId "4168119"]
[BlackFideId "4102142"]
[EventDate "2023.09.22"]

1. e4 c5 2. Nf3 d6 3. Bb5+ Nd7 4. O-O a6 5. Be2 Ngf6 6. d3 g6 7. c4 b5 8. Nc3
Rb8 9. d4 b4 10. Nd5 Bg7 11. Nxf6+ Bxf6 12. Bh6 cxd4 13. Nxd4 Qb6 14. Nc2 Bb7
15. Ne3 e6 16. Qc2 Nc5 17. Bf3 b3 18. Qe2 bxa2 19. Rxa2 Qb3 20. Ng4 Bd4 21. Qd2
e5 22. Nf6+ Kd8 23. Qa5+ Ke7 24. Bg5 Ne6 25. Nd5+ Kd7 26. Bg4 Rhc8 27. Ra3 Qxc4
28. Rf3 f5 29. Rxf5 gxf5 30. Bxf5 Qb5 31. Qa2 Qc4 32. Qa5 Qb5 33. Qa2 Qc4 34.
Qa5 1/2-1/2

[Event "Levitov Chess Week Rapid"]
[Site "Amsterdam NED"]
[Date "2023.09.25"]
[Round "12.5"]
[White "So, Wesley"]
[Black "Anand, Viswanathan"]
[Result "1-0"]
[WhiteTitle "GM"]
[BlackTitle "GM"]
[WhiteElo "2753"]
[BlackElo "2754"]
[WhiteFideId "5202213"]
[BlackFideId "5000017"]
[EventDate "2023.09.22"]

1. e4 e5 2. Nf3 Nc6 3. Bc4 Bc5 4. O-O Nf6 5. Re1 O-O 6. d3 d6 7. c3 a6 8. h3 Re8
9. Bg5 h6 10. Bh4 Ba7 11. Nbd2 Na5 12. Bd5 g5 13. Bg3 Kg7 14. b4 Nc6 15. Bxc6
bxc6 16. d4 exd4 17. Nxd4 Bd7 18. Qf3 g4 19. hxg4 Nxg4 20. Nxc6 Qg5 21. Nxa7
Qxd2 22. Nc6 Bxc6 23. Qxg4+ Qg5 24. Qxg5+ hxg5 25. f3 f5 26. exf5 Kf6 27. c4
Kxf5 28. Rec1 Re7 29. c5 d5 30. Rd1 Rd8 31. Rd4 Ba4 32. Re1 Rxe1+ 33. Bxe1 c6
34. Bd2 Rg8 35. Kf2 Rg6 36. Be3 Re6 37. a3 Bb5 38. Rg4 Rg6 39. Ke1 Ba4 40. Kd2
Bb5 41. Kc3 Ba4 42. Bd2 Bb5 43. Kb3 Rg8 44. a4 Bc4+ 45. Kc3 Bf1 46. Be3 Rg6 47.
Kd4 Rg8 48. Bd2 Rg6 49. b5 cxb5 50. a5 Ke6 51. Rg3 Rg8 52. Rg4 Kd7 53. Kxd5 Bc4+
54. Kd4 Kc6 55. Rxg5 Rd8+ 56. Kc3 Rd3+ 57. Kc2 Ra3 58. Bb4 Rb3 59. Rg6+ Kd5 60.
Rd6+ Ke5 61. Bc3+ 1-0

[Event "Levitov Chess Week Rapid"]
[Site "Amsterdam NED"]
[Date "2023.09.25"]
[Round "13.1"]
[White "So, Wesley"]
[Black "Mamedyarov, Shakhriyar"]
[Result "1/2-1/2"]
[WhiteTitle "GM"]
[BlackTitle "GM"]
[WhiteElo "2753"]
[BlackElo "2734"]
[WhiteFideId "5202213"]
[BlackFideId "13401319"]
[EventDate "2023.09.22"]

1. e4 c5 2. Nf3 e6 3. d4 cxd4 4. Nxd4 Nc6 5. Nc3 Qc7 6. g3 a6 7. Bg2 Nf6 8. O-O
Be7 9. Re1 O-O 10. Nxc6 dxc6 11. e5 Rd8 12. Qf3 Nd5 13. h4 b5 14. Bg5 Nxc3 15.
Qxc6 Ra7 16. bxc3 Bxg5 17. hxg5 Bd7 18. Qxc7 Rxc7 19. Rad1 Rdc8 1/2-1/2

[Event "Levitov Chess Week Rapid"]
[Site "Amsterdam NED"]
[Date "2023.09.25"]
[Round "13.2"]
[White "Anand, Viswanathan"]
[Black "Nepomniachtchi, Ian"]
[Result "1/2-1/2"]
[WhiteTitle "GM"]
[BlackTitle "GM"]
[WhiteElo "2754"]
[BlackElo "2771"]
[WhiteFideId "5000017"]
[BlackFideId "4168119"]
[EventDate "2023.09.22"]

1. e4 c5 2. Nf3 e6 3. c3 d5 4. exd5 Qxd5 5. d4 Nf6 6. Bd3 Nc6 7. O-O cxd4 8.
cxd4 Be7 9. Nc3 Qd8 10. a3 O-O 11. Bc2 b6 12. Qd3 g6 13. Bh6 Re8 14. Rad1 Bb7
15. Rfe1 Bf8 16. Bg5 h6 17. Bh4 Bg7 18. d5 exd5 19. Rxe8+ Qxe8 20. Bxf6 Bxf6 21.
Nxd5 Qd8 22. Nxf6+ Qxf6 23. Qd7 Ba6 24. Rd6 Ne5 25. Rxf6 Nxd7 26. Rd6 Rc8 27.
Rd2 Bb7 28. Ne1 Ne5 29. Re2 Nc4 30. Bd3 Kf8 31. f3 Na5 32. Rc2 1/2-1/2